Musician’s Country of Origin - Statistics

General Stats
  • This quiz has been taken 739 times
    38 since last reset
  • The average score is 12 of 32
Answer Stats
Hint Answer % Correct
Bob Marley Jamaica
100%
Michael Jackson United States
100%
Phil Collins United Kingdom
86%
Bryan Adams Canada
83%
Édith Piaf France
83%
Bono Ireland
80%
Rihanna Barbados
74%
Julio Iglesias Spain
71%
Luis Miguel Mexico
63%
Lorde New Zealand
57%
Frédéric Chopin Poland
46%
Ennio Morricone Italy
37%
Jiro Inagaki Japan
37%
Sade Adu Nigeria
34%
Antônio Carlos Jobim Brazil
29%
Gene Simmons Israel
29%
Kevin Parker Australia
26%
Celia Cruz Cuba
26%
Maluma Colombia
23%
Youssou N’Dour Senegal
23%
Yanni Greece
20%
Charly García Argentina
17%
Miriam Makeba South Africa
17%
Nusrat Fateh Ali Khan Pakistan
11%
K'NAAN Somalia
11%
Manu Dibango Cameroon
9%
Ali Farka Touré Mali
9%
Mulatu Astatke Ethiopia
6%
Eddy Grant Guyana
6%
Ziad Rahbani Lebanon
6%
Jorge Drexler Uruguay
6%
Canserbero Venezuela
6%
No matching quizzes found
Score Distribution
Percent of People with Each Score
Percentile by Number Answered
Your Score History
You have not taken this quiz since the last reset